000 00758nac a22002171u 4500
010 _a2003051923
020 _a0201787911
082 0 0 _a005.8
_bG638
090 _c520
_d520
100 _aGong, Li,
245 1 0 _aInside Java 2 platform security :
_barchitecture, API design, and implementation /
_cLi Gong, Gary Ellison, Mary Dageforde.
250 _a2nd ed.
260 _aBoston, MA :
_bAddison-Wesley,
_c2004.
300 _ap. cm.
650 0 _aJava (Computer program language)
650 0 _aComputer security.
700 1 _aEllison, Gary.
700 1 _aDageforde, Mary.
942 _cBB
_k005.8 G638
999 _c520
_d520